Statystyki dla Mistrzostwa Świata - Wiedza ogólna

Kliknij tutaj aby rozwiązać quiz!

Ogólne statystyki

  • Ten quiz został rozwiązany 478 razy
  • Średni wynik to 10 z 15

Statystyki odpowiedzi

ZagadnienieOdpowiedź% Poprawnych
Jakie najwyższe miejsce na mistrzostwach świata zajęła Polska?III miejsce
94%
Który kraj jest najbardziej utytułowany pod względem zwycięstw na Mistrzostwach Świata?Brazylia
92%
Który z wymienionych niżej polaków został królem strzelców Mistrzostw Świata?Grzegorz Lato
87%
Która z poniżej wymienionych reprezentacji wystąpiła na wszystkich Mistrzostwach Świata?Brazylia
84%
Kto jest rekordzistą pod względem strzelonych goli na mistrzostwach świata?Miroslav Klose
84%
W którym roku po raz pierwszy rozegrano Mistrzostwa Świata?1930
81%
Kto wygrał Mistrzostwa Świata w 2002?Brazylia
81%
Kto był organizatore Mistrzostw Świata w 1994?USA
72%
Kto wygrał mistrzostwa świata 1986?Argentyna
69%
Wybierz 2 kraje które obroniły tytuł Mistrza Świata.Brazylia, Włochy
60%
Ile padło najwięcej goli w finale Mistrzostw Świata?7
42%
W którym roku padła tzw. Bramka Widmo?1966
39%
Który z wymienionych niżej piłkarzy zagrał na 5 Mistrzostwach Świata?Lothar Matthaus
34%
Kto wymyślił model Pucharu Świata FIFA stosowanego od 1974 roku?Silvio Gazzaniga
33%
Ile drużyn wystąpiło na pierwszych Mistrzostwach Świata?13
21%

Rozkład punktacji

Percentyl według liczby udzielonych odpowiedzi

Procent ludzi z każdym wynikiem

Twoja historia wyników

Nie rozwiązałeś tego quizu